ការធ្វើជីកំប៉ុស្ដ / (Record no. 1465)
[ view plain ]
| 000 -LEADER | |
|---|---|
| fixed length control field | 01376nam a22003137a 4500 |
| 005 - DATE AND TIME OF LATEST TRANSACTION | |
| control field | 20231002135015.0 |
| 020 ## - INTERNATIONAL STANDARD BOOK NUMBER | |
| International Standard Book Number | 9789995054199 |
| 040 ## - CATALOGING SOURCE | |
| Original cataloging agency | FISKH |
| Language of cataloging | eng |
| Transcribing agency | FISKH |
| Modifying agency | FISKH |
| 082 ## - DEWEY DECIMAL CLASSIFICATION NUMBER | |
| Classification number | 631.87 |
| 100 ## - MAIN ENTRY--PERSONAL NAME | |
| Personal name | Kinal, Keo |
| 245 ## - TITLE STATEMENT | |
| Title | ការធ្វើជីកំប៉ុស្ដ / |
| 250 ## - EDITION STATEMENT | |
| Edition statement | បោះពុម្ពលើកទី ៩ ឆ្នាំ ២០២១ |
| 260 ## - PUBLICATION, DISTRIBUTION, ETC. | |
| Place of publication, distribution, etc. | Phnom Penh : |
| Name of publisher, distributor, etc. | Sipar, |
| Date of publication, distribution, etc. | 2021. |
| 300 ## - PHYSICAL DESCRIPTION | |
| Extent | 24 pages : |
| Other physical details | color illustrations ; |
| Dimensions | 28 cm |
| 490 ## - SERIES STATEMENT | |
| Series statement | បំណិនជីវិត |
| 505 ## - FORMATTED CONTENTS NOTE | |
| Formatted contents note | Z'<br/><br/><br/> |
| 520 ## - SUMMARY, ETC. | |
| Summary, etc. | បង្ហាញពីរបៀបធ្វើតាមបែបធម្មជាតិ របៀបប្រើប្រាស់ និងការរក្សាទុកជីកំប៉ុស្ដគោក និងជីកំប៉ុសទឹក។ |
| 520 ## - SUMMARY, ETC. | |
| Summary, etc. | Demonstrate how to use natural compost, how to use and store compost and water compost. |
| 521 ## - TARGET AUDIENCE NOTE | |
| Target audience note | 1120<br/> |
| Source | Lexile estimate<br/> |
| 521 ## - TARGET AUDIENCE NOTE | |
| Target audience note | Z'<br/><br/> |
| Source | Raz-Plus<br/> |
| 650 ## - SUBJECT ADDED ENTRY--TOPICAL TERM | |
| Topical term or geographic name entry element | ជីកំប៉ុស្ដ |
| Form subdivision | របៀបធ្វើ |
| General subdivision | ធម្មជាតិ |
| 650 ## - SUBJECT ADDED ENTRY--TOPICAL TERM | |
| Topical term or geographic name entry element | Compost |
| Form subdivision | How to make |
| General subdivision | Natural |
| 700 ## - ADDED ENTRY--PERSONAL NAME | |
| Personal name | Dymong, Chin |
| Titles and other words associated with a name | Author |
| 700 ## - ADDED ENTRY--PERSONAL NAME | |
| Personal name | Sophoanrith, Rou |
| Titles and other words associated with a name | Author |
| 700 ## - ADDED ENTRY--PERSONAL NAME | |
| Personal name | Lyda, Hok |
| Titles and other words associated with a name | Author |
| 700 ## - ADDED ENTRY--PERSONAL NAME | |
| Personal name | Sophaleap, Nhoek |
| Titles and other words associated with a name | illustrator |
| 942 ## - ADDED ENTRY ELEMENTS (KOHA) | |
| Source of classification or shelving scheme | Dewey Decimal Classification |
| Koha item type | Books |
| Suppress in OPAC | No |
| 999 ## - | |
| -- | 1465 |
| -- | 1465 |
| Withdrawn status | Lost status | Source of classification or shelving scheme | Damaged status | Not for loan | Collection | Home library | Current library | Shelving location | Date acquired | Total Checkouts | Full call number | Barcode | Date last seen | Date last checked out | Copy number | Price effective from | Koha item type |
|---|---|---|---|---|---|---|---|---|---|---|---|---|---|---|---|---|---|
| Dewey Decimal Classification | Khmer Language Books / សៀវភៅភាសាខ្មែរ | Footprints International School Library Network Toul Kork Campus | Footprints International School Library Network Toul Kork Campus | 08/25/2023 | 1 | KIN 631.87 | 2023-0369 | 06/30/2025 | 06/30/2025 | 1 | 08/25/2023 | Books | |||||
| Dewey Decimal Classification | Khmer Language Books / សៀវភៅភាសាខ្មែរ | Footprints International School Library Network Toul Kork Campus | Footprints International School Library Network Toul Kork Campus | 08/25/2023 | KIN 631.87 | 2023-0370 | 08/25/2023 | 2 | 08/25/2023 | Books |
